000 01562cam a22004574i 4500
003 PE-LiUPU
005 20250731173253.0
008 150625s r 000 0 d
020 _a958607188
035 _a(Sirsi) i958607188
040 _aPE-LiUPU
_bspa
_cPE-LiUPU
_erda
049 _aPRUA
082 0 4 _a238.23
_bO74
_221
100 1 _aOrtiz Rivera, Antonio Jose,
_eautor.
245 1 0 _aCatecismo de la doctrina social de la iglesia /
_cAntonio Jose Ortiz Rivera.
264 1 _aBogotá :
_bEdiciones Paulinas,
_c1987.
300 _a97 p ;
_c21 centímetros
336 _atext
_2rdacontent
337 _aunmediated
_2rdamedia
338 _avolume
_2rdacarrier
505 0 _aLa doctrina social de la Iglesia. -El hombre. -La sociedad. -El trabajo. -La economía. -La propiedad. -La autoridad. -La Libertad. -La justicia. -Hacia una socilaización. -.
526 _aSEG42
526 _aSEG41
526 _aSEG40
526 _aSEG39
526 _aP94
526 _aP87
526 _aP86
526 _aP85
526 _aP77
526 _aP76
526 _aP35
650 0 4 _aCatecismo.
_93228
910 _a
942 _2ddc
_cBOOK
949 _a238.23 O74
_wDEWEY
_c1
_i38787
_lCCODEBUL1
_mBUL
_r0
_sY
_tBOOK
_u2015-6-25
_xTEOLOGIA
_zUNKNOWN
_0COMPRA
_o.STAFF. Colección General
994 _aC0
_bPEPRU
596 _a1
999 _a238.23 O74
_wDEWEY
_c43620
_i38787
_f2021-11-11
_g4
_lCCODEBUL1
_mBUL
_r0
_sY
_tBOOK
_u2015-6-25
_xTEOLOGIA
_zUNKNOWN
_0COMPRA
_o.STAFF. Colección General
_d43620
980 _81
_gALBERTO SANCHEZ Responsable de Automatización